La letra de cambio (Record no. 32347)

MARC details
000 -LEADER
campo de control de longitud fija 00727nam a2200193 i 4500
001 - NÚMERO DE CONTROL
campo de control 32347
003 - IDENTIFICADOR DE NÚMERO DE CONTROL
campo de control ES-MaACL
005 - FECHA Y HORA DE LA ÚLTIMA TRANSACCIÓN
campo de control 20230910063044.0
007 - CAMPO FIJO DE DESCRIPCIÓN FÍSICA--INFORMACIÓN GENERAL
campo de control de longitud fija t|
008 - DATOS DE LONGITUD FIJA--INFORMACIÓN GENERAL
campo de control de longitud fija 030131s1906 sp ||||1| spa d
100 1# - ENTRADA PRINCIPAL--NOMBRE DE PERSONA
Nombre de persona Benito y Endara, Lorenzo,
Fechas asociadas al nombre 1855-1932
9 (RLIN) 27698
245 13 - MENCIÓN DEL TÍTULO
Título La letra de cambio
Resto del título : conferencia de la extensión universitaria de la Universidad de Barcelona... el 21 de enero 1906 /
Mención de responsabilidad, etc. Lorenzo Benito y Endara.
260 ## - PUBLICACIÓN, DISTRIBUCIÓN, ETC.
Lugar de publicación, distribución, etc. Figueras :
Nombre del editor, distribuidor, etc. [s.n.],
Fecha de publicación, distribución, etc. 1906 (
Fabricante Impr. de Mariano Alegret Colom)
300 ## - DESCRIPCIÓN FÍSICA
Extensión 17 p. ;
Dimensiones 21 cm.
650 #4 - PUNTO DE ACCESO ADICIONAL DE MATERIA--TÉRMINO DE MATERIA
Término de materia o nombre geográfico como elemento de entrada Letras de cambio.
9 (RLIN) 136393
710 2# - ENTRADA AGREGADA--NOMBRE DE ENTIDAD CORPORATIVA
Nombre de entidad corporativa o nombre de jurisdicción como elemento de entrada Universidad de Barcelona.
9 (RLIN) 7141
852 ## - LOCALIZACIÓN
Ubicación ES-MaACL
Número de control de estantería T-164-F-3
Nota libre . - Ded. manuscrita del autor
Holdings
Estatus retirado Estado de pérdida Fuente del sistema de clasificación o colocación Estado de daño No para préstamo Colección Biblioteca de origen Biblioteca actual Ubicación en estantería Fecha de adquisición Total de préstamos Signatura topográfica completa Código de barras Visto por última vez Precio de reemplazo Tipo de ítem Koha Nota pública
    Clasificación decimal universal     Colección de folletos Biblioteca del Ateneo de Madrid Biblioteca del Ateneo de Madrid Depósito folletos 17/01/2008   T-164-F-3 1033506 23/02/2023 23/02/2023 Folleto Dedicatoria autógrafa del autor